| 000 | 00511nam a22001817a 4500 | ||
|---|---|---|---|
| 005 | 20240702125702.0 | ||
| 008 | 240702b |||||||| |||| 00| 0 eng d | ||
| 020 | _a9781485101963 | ||
| 022 | _a03764605 | ||
| 041 | _aEnglish | ||
| 082 | _a349 ANN | ||
| 100 | _lEnglish | ||
| 245 | _aAnnual Survey of South African Law | ||
| 260 |
_aCape Town: _bJuta and Company Ltd, _c2012 |
||
| 300 |
_blxiii, 1071 pages; _c23 cm. |
||
| 650 |
_aLegal practice _bLaw |
||
| 942 |
_cBK _6ALISON_BN_VRIES |
||
| 999 |
_c2085 _d2085 |
||